Figuras replicantes planas obtenidas vía endomorfismos de grupos libres /

Guardado en:
Autor Principal: Moure, María del C.
Formato: Libro
Idioma:Spanish
Publicado: 1996.
Etiquetas: Agregar Etiqueta
Sin Etiquetas, Sea el primero en etiquetar este registro!
LEADER 00609nam a22001815a 4500
001 MAT.inmabb006988
008 041125s1996####ag#a#####bm###000#0#spa#d
005 20180221124353.0
245 1 0 |a Figuras replicantes planas obtenidas vía endomorfismos de grupos libres /  |c María del C. Moure. 
260 |c 1996. 
300 |a 87 h. :  |b ilus. ;  |c 31 cm.. 
502 |a Tesis (magíster)--Universidad Nacional del Sur, 1997. 
504 |a Incluye referencias bibliográficas. 
100 1 |a Moure, María del C. 
082 0 4 |a 040 
082 0 4 |a 513.2 
082 0 4 |a 516.5 
859 |a Ar-BaUNS  |b BIB. MATEMATICA  |h 040  |i B148 1997-337  |p A-8977